000 00325 a2200121 4500
100 _aWenoucouna, A. C.
260 _c1981
650 _aNUTRITION
650 _aGROSSESSE
245 _aEtat nutritionnel des femmes enceintes dans la région de Sakété et Cotonou
999 _c19014
_d19014